| 000 | 00591nam a2200193 a 4500 | ||
|---|---|---|---|
| 001 | 000042403 | ||
| 005 | 20201002040131.0 | ||
| 008 | 131128s1997 sp 000 0 spa d | ||
| 020 | _a8487462359 | ||
| 040 |
_aDO-SdBNP _bspa _cBNPHU |
||
| 082 |
_a863.64 _bM526a |
||
| 100 | 1 |
_aMellizo, Carlos _d1942- _969519 |
|
| 245 | 1 | 3 |
_aUn americano en Madrid : _by otros amores difíciles / _cCarlos Mellizo. |
| 260 |
_aMadrid : _bNoesis, _c1997. |
||
| 300 |
_a92 p. ; _c21 cm. |
||
| 650 | 4 |
_aCuentos españoles _93194 |
|
| 650 | 4 |
_aLiteratura española _9632 |
|
| 910 | _aValidado. Control de calidad MFF | ||
| 999 |
_c41892 _d41892 |
||